| 000 | 00674nam a2200205Ia 4500 | ||
|---|---|---|---|
| 008 | 140512s9999 xx 000 0 und d | ||
| 020 | _a9780199135318 | ||
| 050 |
_aHF 1118 _b.G88 2009 |
||
| 100 | _aGutteridge, Lloyd | ||
| 245 |
_aBusiness and management for the IB diploma : _bstandard and higher level / _cLloyd Gutteridge |
||
| 260 |
_aOxford : _bOxford University Press, _cc2009. |
||
| 300 |
_a160 p. : _bill. ; _c28 cm. |
||
| 440 | _aIB study guides | ||
| 500 | _aIncludes index. | ||
| 650 | _aBetriebswirtschaftslehre | ||
| 650 |
_aBusiness _xExamination -- Study guides |
||
| 650 |
_aManagement _xExamination -- Study guides |
||
| 942 | _cBK | ||
| 999 |
_c116672 _d116672 |
||